000 00651nam a2200205Ii 4500
003 JO-AjNU
008 230605s9999||||xx |||||||||||||| ||und||
017 _a1988/977
040 _aJO-AjNU
_bara
_erda
_cJO-AjNU
041 _aara
050 1 4 _aPJ7542.S9.K3692 1987
100 3 _aالكنعاني، نعمان ماهر,
_eauthor
_940736
245 0 0 _aشعراء الصوفية
264 3 1 _aبغداد: مطبعة عاصم، 1987
300 _a79ص
336 _atext
_btxt
_2rdacontent
337 _aunmediated
_bn
_2rdamedia
338 _avolume
_bnc
_2rdacarrier
650 4 _aالشعراء العرب-تراجم-الشعر الصوفي
_940737
999 _aA17312
_c20880
_d20880